| 000 | 00777cam a22001935a 4500 | ||
|---|---|---|---|
| 001 | L156161 | ||
| 008 | 120502s1816 xxk f 000 0 eng d | ||
| 035 | _a(Sirsi) u156161 | ||
| 041 | 0 | _aeng | |
| 100 | 1 |
_aEnglefield, Henry _cSir _d1752-1822 |
|
| 245 | 0 | 2 | _aA description of the principal picturesque beauties, antiquities, and geological phoenomena, of the Isle of Wight |
| 260 |
_aLondon _bPrinted by William Bulmer and Co. Cleveland-Row, St. James's, for Payne and Foss, 88 Pall-Mall _c1816 |
||
| 300 |
_a[8], xxvii, [1], 238 [4] p., 50 leaves of plates (12 folded) _bill. (part col.), maps _cfol. |
||
| 583 | 0 |
_aCondition reviewed _c20120620 _lcondition level 1 |
|
| 651 | 4 | _aIsle of Wight | |
| 690 |
_aRural _96268 |
||
| 700 | 1 |
_aWebster, Thomas _d1773-1844 |
|
| 942 | _n0 | ||
| 999 |
_c114067 _d114067 |
||